000 00484nam a2200157 a 4500
005 20250901165803.0
008 930909s1992 ke ab b 000 0 eng
010 _a 93982254
020 _a996649832X
050 0 0 _aDT433.545.M47
_bM56 1992
100 1 _aMʾImanyara, Alfred M.
245 1 4 _aThe restatement of Bantu origin and Meru history /
_cAlfred M. MʾImanyara.
260 _aNairobi, Kenya :
_bLongman Kenya,
_c1992.
300 _a170 p. :
_bill., maps ;
_c21 cm.
942 _2lcc
999 _c9252
_d9252